Kritické faktory hypotekárnej krízy v U.S.A.
Príčiny vzniku a sprievodné javy hypotekárnej krízy v USA. Opatrenia vlády. Východisko z krízy.
Gespeichert in:
| 1. Verfasser: | |
|---|---|
| Format: | Buchkapitel |
| Sprache: | Slowakisch |
| Schlagworte: | |
| Tags: |
Keine Tags, Fügen Sie das erste Tag hinzu!
|
MARC
| LEADER | 00000nla$a2200000$$$4500 | ||
|---|---|---|---|
| 001 | 0083957 | ||
| 005 | 20240502071938.0 | ||
| 041 | 0 | |a slo | |
| 044 | |a SK | ||
| 245 | 1 | 0 | |a Kritické faktory hypotekárnej krízy v U.S.A. |c Ľudovít Gerec |
| 520 | |a Príčiny vzniku a sprievodné javy hypotekárnej krízy v USA. Opatrenia vlády. Východisko z krízy. | ||
| 610 | 2 | 0 | |a kríza |
| 610 | 2 | 0 | |a kríza banková |
| 610 | 2 | 0 | |a kríza finančná |
| 610 | 2 | 0 | |a hypotéky |
| 610 | 2 | 0 | |a USA |
| 100 | 1 | |a Gerec, Ľudovít | |